<?xml version="1.0" encoding="UTF-8"?>
<record
    xmlns:xsi="http://www.w3.org/2001/XMLSchema-instance"
    xsi:schemaLocation="http://www.loc.gov/MARC21/slim http://www.loc.gov/standards/marcxml/schema/MARC21slim.xsd"
    xmlns="http://www.loc.gov/MARC21/slim">

  <leader>01486nam a22002657a 4500</leader>
  <controlfield tag="003">NALT</controlfield>
  <controlfield tag="005">20251125233120.0</controlfield>
  <controlfield tag="008">      s2543    th                  tha d</controlfield>
  <datafield tag="040" ind1=" " ind2=" ">
    <subfield code="a">NALT</subfield>
  </datafield>
  <datafield tag="041" ind1=" " ind2=" ">
    <subfield code="a">tha</subfield>
  </datafield>
  <datafield tag="050" ind1=" " ind2=" ">
    <subfield code="a"> </subfield>
  </datafield>
  <datafield tag="090" ind1=" " ind2=" ">
    <subfield code="a">KC 41</subfield>
    <subfield code="b">&#xE23;145 2543</subfield>
  </datafield>
  <datafield tag="245" ind1="0" ind2="0">
    <subfield code="a">&#xE23;&#xE1E;&#xE35;' 43 /</subfield>
    <subfield code="c">&#xE04;&#xE13;&#xE30;&#xE01;&#xE23;&#xE23;&#xE21;&#xE01;&#xE32;&#xE23;&#xE40;&#xE19;&#xE15;&#xE34;&#xE1A;&#xE31;&#xE13;&#xE11;&#xE34;&#xE15; &#xE2A;&#xE21;&#xE31;&#xE22;&#xE17;&#xE35;&#xE48; 52 &#xE2A;&#xE33;&#xE19;&#xE31;&#xE01;&#xE2D;&#xE1A;&#xE23;&#xE21;&#xE28;&#xE36;&#xE01;&#xE29;&#xE32;&#xE01;&#xE0E;&#xE2B;&#xE21;&#xE32;&#xE22;&#xE41;&#xE2B;&#xE48;&#xE07;&#xE40;&#xE19;&#xE15;&#xE34;&#xE1A;&#xE31;&#xE13;&#xE11;&#xE34;&#xE15;&#xE22;&#xE2A;&#xE20;&#xE32;.</subfield>
  </datafield>
  <datafield tag="260" ind1=" " ind2=" ">
    <subfield code="a">&#xE01;&#xE23;&#xE38;&#xE07;&#xE40;&#xE17;&#xE1E;&#xE2F; : </subfield>
    <subfield code="b">&#xE2A;&#xE33;&#xE19;&#xE31;&#xE01;&#xE2D;&#xE1A;&#xE23;&#xE21;&#xE28;&#xE36;&#xE01;&#xE29;&#xE32;&#xE01;&#xE0E;&#xE2B;&#xE21;&#xE32;&#xE22;&#xE41;&#xE2B;&#xE48;&#xE07;&#xE40;&#xE19;&#xE15;&#xE34;&#xE1A;&#xE31;&#xE13;&#xE11;&#xE34;&#xE15;&#xE22;&#xE2A;&#xE20;&#xE32;, </subfield>
    <subfield code="c">2543.</subfield>
  </datafield>
  <datafield tag="300" ind1=" " ind2=" ">
    <subfield code="a">216 &#xE2B;&#xE19;&#xE49;&#xE32; :</subfield>
    <subfield code="b">&#xE20;&#xE32;&#xE1E;&#xE1B;&#xE23;&#xE30;&#xE01;&#xE2D;&#xE1A; ;</subfield>
    <subfield code="c">26 &#xE0B;&#xE21;.</subfield>
  </datafield>
  <datafield tag="600" ind1="0" ind2="4">
    <subfield code="a">&#xE23;&#xE32;&#xE0A;&#xE1A;&#xE38;&#xE23;&#xE35;&#xE14;&#xE34;&#xE40;&#xE23;&#xE01;&#xE24;&#xE17;&#xE18;&#xE34;&#xE4C;,   </subfield>
    <subfield code="c">&#xE1E;&#xE23;&#xE30;&#xE40;&#xE08;&#xE49;&#xE32;&#xE1A;&#xE23;&#xE21;&#xE27;&#xE07;&#xE28;&#xE4C;&#xE40;&#xE18;&#xE2D; &#xE01;&#xE23;&#xE21;&#xE2B;&#xE25;&#xE27;&#xE07;,</subfield>
    <subfield code="d">2417-2463</subfield>
    <subfield code="9">25984</subfield>
  </datafield>
  <datafield tag="650" ind1=" " ind2="4">
    <subfield code="a">&#xE1C;&#xE39;&#xE49;&#xE0A;&#xE48;&#xE27;&#xE22;&#xE1C;&#xE39;&#xE49;&#xE1E;&#xE34;&#xE1E;&#xE32;&#xE01;&#xE29;&#xE32;</subfield>
    <subfield code="9">33104</subfield>
  </datafield>
  <datafield tag="650" ind1=" " ind2="4">
    <subfield code="a">&#xE2D;&#xE31;&#xE22;&#xE01;&#xE32;&#xE23;</subfield>
    <subfield code="9">19168</subfield>
  </datafield>
  <datafield tag="650" ind1=" " ind2="4">
    <subfield code="a">&#xE01;&#xE0E;&#xE2B;&#xE21;&#xE32;&#xE22;</subfield>
    <subfield code="x">&#xE23;&#xE27;&#xE21;&#xE40;&#xE23;&#xE37;&#xE48;&#xE2D;&#xE07;</subfield>
    <subfield code="9">9190</subfield>
  </datafield>
  <datafield tag="710" ind1="2" ind2=" ">
    <subfield code="a">&#xE04;&#xE13;&#xE30;&#xE01;&#xE23;&#xE23;&#xE21;&#xE01;&#xE32;&#xE23;&#xE40;&#xE19;&#xE15;&#xE34;&#xE1A;&#xE31;&#xE13;&#xE11;&#xE34;&#xE15; &#xE2A;&#xE21;&#xE31;&#xE22;&#xE17;&#xE35;&#xE48; 52 &#xE2A;&#xE33;&#xE19;&#xE31;&#xE01;&#xE2D;&#xE1A;&#xE23;&#xE21;&#xE28;&#xE36;&#xE01;&#xE29;&#xE32;&#xE01;&#xE0E;&#xE2B;&#xE21;&#xE32;&#xE22;&#xE41;&#xE2B;&#xE48;&#xE07;&#xE40;&#xE19;&#xE15;&#xE34;&#xE1A;&#xE31;&#xE13;&#xE11;&#xE34;&#xE15;&#xE22;&#xE2A;&#xE20;&#xE32;</subfield>
    <subfield code="9">33103</subfield>
  </datafield>
  <datafield tag="850" ind1=" " ind2=" ">
    <subfield code="a">NALT</subfield>
  </datafield>
  <datafield tag="856" ind1="4" ind2="0">
    <subfield code="u">https://hdl.handle.net/20.500.14156/500411</subfield>
  </datafield>
  <datafield tag="942" ind1=" " ind2=" ">
    <subfield code="c">LB</subfield>
    <subfield code="2">local</subfield>
  </datafield>
  <datafield tag="999" ind1=" " ind2=" ">
    <subfield code="c">73064</subfield>
    <subfield code="d">73064</subfield>
  </datafield>
  <datafield tag="998" ind1=" " ind2=" ">
    <subfield code="j">104</subfield>
    <subfield code="k"> &#xE19;&#xE32;&#xE07;&#xE2A;&#xE32;&#xE27;&#xE2A;&#xE32;&#xE22;&#xE1D;&#xE19;  &#xE14;&#xE35;&#xE07;&#xE32;&#xE21;</subfield>
  </datafield>
  <datafield tag="952" ind1=" " ind2=" ">
    <subfield code="0">0</subfield>
    <subfield code="1">0</subfield>
    <subfield code="2">local</subfield>
    <subfield code="4">0</subfield>
    <subfield code="7">0</subfield>
    <subfield code="8">CLAW</subfield>
    <subfield code="a">NALT</subfield>
    <subfield code="b">NALT</subfield>
    <subfield code="c">LAW</subfield>
    <subfield code="d">2022-03-18</subfield>
    <subfield code="e">&#xE1A;&#xE23;&#xE34;&#xE08;&#xE32;&#xE04;</subfield>
    <subfield code="o">KC 41 &#xE23;145 2543</subfield>
    <subfield code="p">3961200074</subfield>
    <subfield code="r">2017-06-09 00:00:00</subfield>
    <subfield code="w">2017-06-09</subfield>
    <subfield code="y">LB</subfield>
  </datafield>
</record>
